Statistics for 2013/14 Indiana Pacers Roster

Click here to take the quiz!

General Stats

  • This quiz has been taken 58 times
  • The average score is 8 of 13

Answer Stats

Answer % Correct
Paul George
100%
George Hill
92%
Roy Hibbert
91%
Solomon Hill
89%
David West
83%
Lance Stephenson
81%
Luis Scola
66%
C.J. Watson
47%
Ian Mahinmi
45%
Chris Copeland
43%
Orlando Johnson
32%
Rasual Butler
30%
Donald Sloan
26%

Score Distribution

Percentile by Number Answered

Percent of People with Each Score

Your Score History

You have not taken this quiz